Voces diversas y disruptivas en tiempos de revolución 4.0 (Registro nro. 320538)

Detalles MARC
000 -ENCABEZADO
Número de control [NR] 01167nam a22002657a 4500
005 - FECHA Y HORA DE LA ÚLTIMA TRANSACCIÓN
control field 20260120101538.0
008 - DE LONGITUD FIJA DE DATOS DE ELEMENTOS - INFORMACIÓN GENERAL
Elementos de longitud fija [NR] 220208s2020 ck a|||gr|||| 00| 0 spa d
020 ## - NUMERO INTERNACIONAL NORMALIZADO PARA LIBROS [R]
Número Internacional Normalizado del libro [NR] 9789587844344
040 ## - FUENTE DE CATALOGACION [NR]
Agencia de catalogación original [NR] CO-BoUCM
Idioma de catalogación [NR] spa
Quien Cataloga Deissy Garcia
Quien Clasifica Sandra Palacio (modificó)
041 0# - CODIGO DE IDIOMA [R]
Código de idioma para texto/pista de sonido o título separado [R] Español
245 00 - MENCION DE TITULO [NR]
Título [NR] Voces diversas y disruptivas en tiempos de revolución 4.0
Mención de responsabilidad, etc. [NR] edición académica Valérie Gauthier Umaña, Rafael Alberto Méndez Romero, Dora Suárez
260 ## - PUBLICACION, DISTRIBUCION, ETC. (PIE DE IMPRENTA) [R]
Lugar de publicación, distribución, etc. [R] Bogotá
Nombre del editor, distribuidor, etc. [R] Universidad del Rosario
Fecha de publicación, distribución, etc. [R] 2020
300 ## - DESCRIPCION FISICA [R]
Extensión [R] xii, 256 páginas
Otros detalles físicos [NR] ilustraciones
504 ## - NOTA DE BIBLIOGRAFIA, ETC. [R]
Nota de bibliografía, etc. [NR] Incluye referencias bibliográficas
650 #7 - ASIENTO SECUNDARIO DE MATERIA - TERMINO TEMATICO [R]
Término temático o nombre geográfico como elemento de entrada [NR] Industrialización
Subdivisión general [R] Aspectos sociales
Subdivisión geográfica [R] Colombia
9 (RLIN) 173228
650 #7 - ASIENTO SECUNDARIO DE MATERIA - TERMINO TEMATICO [R]
Término temático o nombre geográfico como elemento de entrada [NR] Innovaciones tecnológicas
9 (RLIN) 17718
650 #7 - ASIENTO SECUNDARIO DE MATERIA - TERMINO TEMATICO [R]
Término temático o nombre geográfico como elemento de entrada [NR] Tecnología y civilización
Subdivisión general [R] Aspectos sociales
9 (RLIN) 173229
650 #7 - ASIENTO SECUNDARIO DE MATERIA - TERMINO TEMATICO [R]
Término temático o nombre geográfico como elemento de entrada [NR] Globalización
Subdivisión general [R] Aspectos tecnológicos
9 (RLIN) 173230
650 #7 - ASIENTO SECUNDARIO DE MATERIA - TERMINO TEMATICO [R]
Término temático o nombre geográfico como elemento de entrada [NR] Problemas sociales
Subdivisión cronológica [R] Siglo XXI
9 (RLIN) 173231
700 1# - ASIENTO SECUNDARIO - NOMBRE PERSONAL [R]
Nombre personal [NR] Gauthier Umaña, Valérie
Término de relación [R] editor
9 (RLIN) 173232
700 ## - ASIENTO SECUNDARIO - NOMBRE PERSONAL [R]
Nombre personal [NR] Méndez Romero, Rafael Alberto
Término de relación [R] editor
9 (RLIN) 173233
700 ## - ASIENTO SECUNDARIO - NOMBRE PERSONAL [R]
Nombre personal [NR] Suárez, Dora
Término de relación [R] editor
9 (RLIN) 173234
942 ## - ELEMENTOS DE ENTRADA AGREGADOS (KOHA)
Sistema de clasificación DEWEY
Tema principal Economía
Tipo de ítem principal el descrito en 300a Edición Rosarista
Edición 1
Clasificación 303.483
Parte restante de la signatura top. V872
Título oculto en OPAC No
Existencias
Signatura topográfica Código de barras Última vez visto Ejemplar Costo de reposición Price effective from Tipo de ítem Perdido Sistema de clasificación Dañado No prestable Tipo de ítem específico Suprimido Ubicación habitual Ubicación actual Localización Fecha de creación Forma de adquisición Costo Total préstamos Fecha de último préstamo Prestado
338.064 V872 100169175 03/12/2025 Ej.1 63000.00 08/02/2022 Edición Rosarista   DEWEY     Libro Edición Rosarista   Claustro Claustro 4to piso 08/02/2022 Compra 63000.00      
338.064 V872 100169174 04/12/2025 Ej.2 63000.00 08/02/2022 Libro   DEWEY     Libro   Claustro Claustro Mezanine 08/02/2022 Compra 63000.00      
303.483 V872 100169173 18/04/2026 Ej.3 63000.00 08/02/2022 Libro   DEWEY     Libro   Sede del emprendimiento y la innovación Sede del Emprendimiento, Innovación y Creación 1er piso 08/02/2022 Compra 63000.00 1 18/04/2026 31/12/2026
303.483 V872 100169176 10/12/2025 Ej.4 63000.00 08/02/2022 Libro   DEWEY     Libro   Sede del emprendimiento y la innovación Sede del Emprendimiento, Innovación y Creación 1er piso 08/02/2022 Compra 63000.00 1 21/10/2025